000 00208nam a2200109Ia 4500
100 _a#N/A
942 _cBK
245 _a25 Open Source Tools for IT Needs
260 _b#N/A
546 _aENGLISH
999 _c21154
_d21154